000 01905nam0a2200421 4500
001 RU\NLR\bibl\1424227
005 20260405190220.0
010 _a978-5-85101-113-9
_9300
021 _aRU
_b2009-64643
_93987
035 _a(nilc)RSL-KNO-004370485
035 _a(NLR Aleph) 001416157
090 _a1313355
_c1313355
100 _a20090731d2009 |||y0rusy50 ca
101 0 _arus
_deng
102 _aRU
105 _aa |||||||||
200 1 _aЛетопись - сорок семь
_dChronicle - forty seven
_eпоэма
_eк 25-летию Чернобыльской катастрофы
_fЛюдмила Максимчук
_zeng
205 _aИзд. 3-е, уточн. и доп.
210 _aМосква
_cПетит
_d2009
215 _a47 с.
_cил., портр.
_d21
225 1 _aНе все сгорает...
_dNot all burns...
_zeng
300 _aАвт. также на англ. яз.: Lyudmila Maksimchuk
300 _aРез. на англ. яз.
300 _aПосвящается Герою Российской Федерации Герою Чернобыля генерал-майору внутренней службы Владимиру Максимчуку
320 _aДр. кн. авт. на 47-й с.
510 0 _6z73790
_aChronicle - forty seven
_zeng
600 1 _aМаксимчук
_bВ.М.
_f1947 - 1994
_gВладимир Михайлович
_92434491
_3RU\NLR\auth\661448777
686 _aШ5(2=Р)75-651
_2rubbk
686 _aШ6(2=Р)8-51
700 1 _4070
_8rus
_7ca
_aМаксимчук
_bЛ. В.
_f1948-
_gЛюдмила Викторовна
_3RU\NLR\auth\7782409
_965337
790 1 _4070
_8rus
_7ba
_aMaksimčuk
_bL. V.
_f1948-
_gLjudmila Viktorovna
_3RU\NLR\auth\7782410
_965338
801 0 _aRU
_bРКП
_c20090731
_grcr
801 1 _aRU
_bРГБ
_c20090731
801 2 _aRU
_bNLR
_c20091015
_grcr
942 _cBOOK
980 _aNB